[Event "Wch U14 Girls"]
[Site "Al Ain"]
[Date "2013.12.28"]
[Round "11"]
[White "Abdel Madjid, Dina"]
[Black "Temel, Burcu Melis"]
[Result "1-0"]
[WhiteElo "1848"]
[BlackElo "1747"]
[PlyCount "97"]
[EventDate "2013.12.18"]
[EventType "swiss"]
[EventRounds "11"]
[EventCountry "UAE"]
[SourceTitle "CBM 158 Extra"]
[Source "ChessBase"]
[SourceDate "2014.02.28"]
[SourceVersion "1"]
[SourceVersionDate "2014.02.28"]
[SourceQuality "1"]

1. e4 c5 2. Nf3 e6 3. d4 cxd4 4. Nxd4 Nf6 5. Nc3 Nc6 6. Ndb5 Bb4 7. a3 Bxc3+ 8. Nxc3 d5 9. exd5 exd5 10. Bf4 0-0 11. Be2 Bf5 12. 0-0 Rc8 13. Bf3 Be4 14. Bg5 Re8 15. Re1 Bxf3 16. Qxf3 Nd4 17. Qd3 Nxc2 18. Qxc2 d4 19. Bxf6 gxf6 20. Red1 Qb6 21. Rd3 dxc3 22. bxc3 Re5 23. Rad1 Rce8 24. Rf1 Qe6 25. Qd2 Rg5 26. Rf3 Qc6 27. Qf4 Rg6 28. g3 Re4 29. Qd2 Rh4 30. Rd3 Kg7 31. f3 Qc5+ 32. Kg2 Qh5 33. Rh1 Qf5 34. g4 Qe5 35. Qe3 Qb5 36. Kg3 Rh5 37. f4 Qc6 38. Rhd1 Rb5 39. Rd7 Rb2 40. R1d2 Rb1 41. Rd1 Rb2 42. R1d5 Rc2 43. Qe8 Rxc3+ 44. Kh4 Rh6+ 45. Rh5 Rxh5+ 46. gxh5 Qc4 47. Rxf7+ Qxf7 48. h6+ Kxh6 49. Qxf7 1-0

[Event "Wch U14 Girls"]
[Site "Al Ain"]
[Date "2013.12.21"]
[Round "4"]
[White "Kiolbasa, Oliwia"]
[Black "Abdel Madjid, Dina"]
[Result "1-0"]
[WhiteElo "2021"]
[BlackElo "1848"]
[PlyCount "59"]
[EventDate "2013.12.18"]
[EventType "swiss"]
[EventRounds "11"]
[EventCountry "UAE"]
[SourceTitle "CBM 158 Extra"]
[Source "ChessBase"]
[SourceDate "2014.02.28"]
[SourceVersion "1"]
[SourceVersionDate "2014.02.28"]
[SourceQuality "1"]

1. e4 c5 2. Nf3 e6 3. d4 cxd4 4. Nxd4 Nf6 5. Nc3 d6 6. Be2 Nc6 7. Be3 Be7 8. 0-0 0-0 9. f4 e5 10. Nxc6 bxc6 11. fxe5 dxe5 12. Qe1 Be6 13. Qg3 Qa5 14. Kh1 Kh8 15. Bg5 Rab8 16. b3 Ng8 17. Nd1 Rfd8 18. Bd3 Rd7 19. Nf2 Bxg5 20. Qxg5 Ne7 21. Ng4 Ng6 22. g3 Rbd8 23. h4 Bxg4 24. Qxg4 Qc3 25. Rae1 Nf8 26. Re2 Ne6 27. Ref2 Kg8 28. Bc4 Re8 29. Bxe6 fxe6 30. Qxe6+ 1-0

[Event "Asia U20 Girls op"]
[Site "Tashkent"]
[Date "2012.06.05"]
[Round "7"]
[White "Abdel Madjid, Dina"]
[Black "Khursanova, Farida"]
[Result "1-0"]
[WhiteElo "1877"]
[BlackElo "1855"]
[PlyCount "101"]
[EventDate "2012.05.30"]
[EventType "swiss"]
[EventRounds "9"]
[EventCountry "UZB"]
[SourceTitle "CBM 148 Extra"]
[Source "ChessBase"]
[SourceDate "2012.06.22"]
[SourceVersion "1"]
[SourceVersionDate "2012.06.22"]
[SourceQuality "1"]

1. e4 c5 2. Nf3 d6 3. d4 cxd4 4. Nxd4 Nf6 5. Nc3 a6 6. Bg5 Qa5 7. Qd2 Nbd7 8. Bc4 e6 9. 0-0-0 b5 10. Bb3 b4 11. Nd5 Nxe4 12. Qxb4 Qc5 13. Nxe6 fxe6 14. Qxe4 Ne5 15. Nc7+ Qxc7 16. Qxa8 Be7 17. Bxe7 Kxe7 18. Qe4 Bb7 19. Qh4+ Kf7 20. Qh3 d5 21. f4 Nc4 22. Rhe1 Qxf4+ 23. Kb1 Bc8 24. Bxc4 Qxc4 25. Rf1+ Ke7 26. Qa3+ Ke8 27. Qd6 Bd7 28. Rf3 Qc6 29. Qb8+ Qc8 30. Qe5 Rf8 31. Rxf8+ Kxf8 32. Rf1+ Kg8 33. Rf3 h6 34. Qf4 Qc5 35. a3 Bb5 36. Re3 Bc4 37. b3 d4 38. Rg3 Bb5 39. Qxh6 Qe5 40. Qd2 Qd6 41. Qg5 Qd7 42. Qg6 a5 43. Rh3 Bc6 44. Qh7+ Kf8 45. Qh8+ Kf7 46. Rg3 Kf6 47. Qf8+ Qf7 48. Qd8+ Ke5 49. Rg5+ Ke4 50. Rg4+ Ke3 51. Qxd4+ 1-0

[Event "Asia U20 Girls op"]
[Site "Tashkent"]
[Date "2012.05.30"]
[Round "1"]
[White "Pon, Namasivayam Krithik"]
[Black "Abdel Madjid, Dina"]
[Result "1-0"]
[WhiteElo "2150"]
[BlackElo "1877"]
[PlyCount "75"]
[EventDate "2012.05.30"]
[EventType "swiss"]
[EventRounds "9"]
[EventCountry "UZB"]
[SourceTitle "CBM 148 Extra"]
[Source "ChessBase"]
[SourceDate "2012.06.22"]
[SourceVersion "1"]
[SourceVersionDate "2012.06.22"]
[SourceQuality "1"]

1. e4 e5 2. Nf3 Nc6 3. Bb5 a6 4. Ba4 Nf6 5. Qe2 Bc5 6. c3 b5 7. Bb3 d6 8. d3 h6 9. Be3 Bb7 10. Nbd2 0-0 11. 0-0 Bxe3 12. fxe3 d5 13. exd5 Nxd5 14. d4 exd4 15. exd4 Qe7 16. Qf2 Nf6 17. Rae1 Qd6 18. Ne5 Nd8 19. h3 a5 20. Bc2 Ne6 21. Qf5 Ng5 22. h4 Ngh7 23. Bb3 a4 24. Bxf7+ Rxf7 25. Nxf7 Kxf7 26. Qxh7 Qg3 27. Ne4 Qxe1 28. Nxf6 Qe3+ 29. Kh2 Qe2 30. Nh5+ Qxf1 31. Qxg7+ Ke6 32. Qe5+ Kf7 33. Qxc7+ Kg6 34. Nf4+ Kf6 35. Qb6+ Kf7 36. Qxb7+ Kf6 37. Nd5+ Ke6 38. Qxa8 1-0